000 00392nam a2200133 4500
005 20260530113907.0
100 1 _aFang Hai
_932900
245 1 0 _aChinesism in Modern Furnitures Design / The Chair as an Example
264 1 _bUniversity opf Art and Design Helsinki
_c2004
300 _a345 páginas
336 _atexto
_2rdacontent
337 _asin medio
_2rdamedia
338 _avolumen
_2rdacarrier
999 _c11982
_d11982